000 00267nam a2200109Ia 4500
008 190914s9999||||xx |||||||||||||| ||und||
100 _aThompson, Strickland
245 0 _aStrategic Management
260 _aNew Jersey
_bPrentice Hall
_c1985
300 _a670
942 _cBK
999 _c9402
_d9402